| 000 | 01045nam0a2200325 i 4500 | ||
|---|---|---|---|
| 001 | RU\NLR\BIBL_A\012546235 | ||
| 005 | 20240727105723.0 | ||
| 010 |
_a9785604503386 _9100 |
||
| 021 |
_aRU _b2021-6121 _9КН-П-478 |
||
| 035 | _a(RuMoRGB)010568025 | ||
| 035 | _a(NLR Aleph) 012546235 | ||
| 090 |
_a12415630 _c12415630 |
||
| 100 | _a20210615d2020 u y0rusy50 ca | ||
| 101 | 0 | _arus | |
| 102 | _aRU | ||
| 105 | _ay|||z|||000gy | ||
| 181 | 0 |
_ai _baxxe |
|
| 182 | 0 | _an | |
| 200 | 1 |
_aСвобода, честность и закон… молитвы около икон _eстихи _fДмитрий Горяев |
|
| 203 |
_aТекст _bвизуальный _cнепосредственный |
||
| 210 |
_aПятигорск _cРИА-КМВ _d2020 |
||
| 215 |
_a227, [1] с. _d20 |
||
| 517 | 1 | _aМолитвы около икон | |
| 686 | 2 | _aШ6(2=Р)8-5 | |
| 700 | 1 |
_aГоряев _bД. _gДмитрий |
|
| 942 | _cBOOK | ||
| 980 | _aNBR | ||